LES CONFLITS DE L'EXISTENCE: S'AFFRONTER ET S'ENTENDRE/

INDICE

Đã lưu trong:
Chi tiết về thư mục
Tác giả chính: Oraison, Marc (autor)
Định dạng: Sách
Những chủ đề:
Các nhãn: Thêm thẻ
Không có thẻ, Là người đầu tiên thẻ bản ghi này!

MARC

LEADER 00000nam^a2200000^a^4500
001 000217611
005 20250521000000.0
009 20260310103727.468
035 |a 013951 
037 |a Acervo Xavier Clavigero 
082 |a 303. 6  |b ORA 
100 |a Oraison, Marc  |e (autor) 
245 1 4 |a LES CONFLITS DE L'EXISTENCE:  |b S'AFFRONTER ET S'ENTENDRE/  |c MARC ORAISON 
264 |a PARIS :  |b LE CENTURION/SCIENCES HUMAINES,  |c 1970 
300 |a 127p. 
336 |a texto  |b txt  |2 rdacontenido 
337 |a sin mediación  |b n  |2 rdamedio 
338 |a volumen  |b nc  |2 rdasoporte 
520 |a INDICE 
649 |a XX 
650 |a Conflicto Social 
910 |a Fondo General 
920 |a Impresos - Libros 
930 |a Colección General 
905 |a 101 
901 |a 013951  |b IT1  |c ACC  |i 013951  |u 20250521 
902 |a https://opac.biblio.iteso.mx/vufind/Record/000217611